Music Quiz

Random Music or Bands Quiz

Lead Singers Quiz Stats

 Plays Quiz Updated Jun 6, 2018

Score 0/24 Timer 07:00
5 Plays Today
Band Singer % Correct
U2Bono
94%
NirvanaKurt Cobain
89.9%
Rolling StonesMick Jagger
88.4%
The PoliceSting
88.3%
QueenFreddie Mercury
88.3%
AerosmithSteven Tyler
86.2%
Guns N'RosesAxl Rose
81.7%
The DoorsJim Morrison
80.7%
No DoubtGwen Stefani
79.9%
GenesisPeter Gabriel or Phil Collins
77%
Led ZeppelinRobert Plant
75.8%
Pearl JamEddie Vedder
61.4%
Band Singer % Correct
ColdplayChris Martin
61.2%
EurythmicsAnnie Lennox
56.1%
The WhoRoger Daltrey
54.1%
R.E.M.Michael Stipe
52.5%
Smashing PumpkinsBilly Corgan
46.3%
SoundgardenChris Cornell
45.4%
Maroon 5Adam Levine
45.3%
The SmithsSteven Morrissey
40.4%
Dire StraitsMark Knopfler
38.3%
The ClashJoe Strummer or Mick Jones
34%
The CarsRic Ocasek or Benjamin Orr
22.4%
Counting CrowsAdam Duritz
20.5%

You're not logged in!

Compare scores with friends on all Sporcle quizzes.
OR
Log In

Sporcle TV

Today on Sporcle TV


Watch our educational content, quiz creation guides, and fun videos on Sporcle TV.

Show Comments

Extras

Top Quizzes Today


Score Distribution

Your Account Isn't Verified!

In order to create a playlist on Sporcle, you need to verify the email address you used during registration. Go to your Sporcle Settings to finish the process.

Report this User

Report this user for behavior that violates our Community Guidelines.

Details: